El Dios vivo y verdadero: el misterio de la Trinidad
Uloženo v:
| Hlavní autor: | |
|---|---|
| Médium: | Kniha |
| Jazyk: | španělština |
| Vydáno: |
Salamanca
Secretariado Trinitario
1998
|
| Edice: | Agape, 19
|
| Témata: | |
| Tagy: |
Přidat tag
Žádné tagy, Buďte první, kdo vytvoří štítek k tomuto záznamu!
|
MARC
| LEADER | 00000cam a2200000 a 4500 | ||
|---|---|---|---|
| 001 | UCK0202 | ||
| 003 | CL-VaPUC | ||
| 008 | 040915e19980000SP |||||||||||||||||spa|d | ||
| 020 | |a 8488643403 | ||
| 082 | 0 | 4 | |a 231.044 |b LAD |2 21 |
| 100 | |a Ladaria Ferrer, Luis Francisco |e author |9 484202 | ||
| 245 | 1 | 3 | |a El Dios vivo y verdadero: el misterio de la Trinidad |
| 300 | |a 445 p | ||
| 942 | |c BK | ||
| 945 | |d 20040915 00:00:00 |a cmena | ||
| 260 | |a Salamanca |b Secretariado Trinitario |c 1998 | ||
| 600 | 0 | |a Dios |9 314467 | |
| 600 | 0 | 7 | |a SANTISIMA TRINIDAD |2 CL-VaPUC |9 347537 |
| 650 | 0 | |a Teología |9 258766 | |
| 650 | 0 | |a Filosofía cristiana |9 265980 | |
| 583 | |a last modification |c 20150508 10:10:13 |k Rodrigo Vera | ||
| 490 | 0 | |a Agape, 19 | |
| 999 | |c 310692 |d 310690 | ||
| 952 | |0 0 |1 0 |4 0 |6 231_044000000000000_LAD_1998 |7 0 |8 A |9 379586 |a BIBTEO |b BIBTEO |d 2019-11-21 |i 4063767 |o 231.044 LAD 1998 |p 4063767 |r 2025-01-17 |w 2019-11-21 |y BK |k ICR | ||
| 952 | |0 0 |1 0 |3 erb |4 0 |6 231_044000000000000_LAD_1998 |7 0 |8 A |9 379587 |a BIBTEO |b BIBTEO |e Casale Rolle, Carlos Ignacio, -2014 |i 5174058 |o 231.044 LAD 1998 |p 5174058 |r 2025-01-17 |w 2019-11-21 |y BK |z Catalogado en:20150514 |k ICR | ||